Statistics for The Original Geography Quiz

Click here to take the quiz!

General Stats

  • This quiz has been taken 56 times
  • The average score is 7 of 12

Answer Stats

HintAnswer% Correct
Second most populous country in North AmericaMexico
94%
The country of the UK is often mistakingly called thisEngland
85%
Major city in Northern IndiaDelhi
70%
Largest Island in Europe, Great ______Britain
69%
Largest of the Channel IslandsJersey
69%
Walled city in Northeast EnglandYork
59%
Region of West Africa along the Gulf of the same nameGuinea
41%
This is the westernmost province of the NetherlandsZeeland
41%
Roman name for the land of ScotlandCaledonia
39%
English county home to the city of PortsmouthHampshire
35%
Latin for ScotlandScotia
28%
Major city on the Loire RiverOrleans
24%

Score Distribution

Percentile by Number Answered

Percent of People with Each Score

Your Score History

You have not taken this quiz